"Big Five" League-&-Cup Double Winners - Statistics

General Stats
  • This quiz has been taken 43 times
  • The average score is 21 of 23
Answer Stats
Doubles League Last Team % Correct
9** Spain 2025 Barcelona
100%
13** Germany 2020 Bayern Munich
100%
2* Italy 2010 Inter Milan
100%
6 Italy 2018 Juventus
100%
1 France 2008 Lyon
100%
2* England 2023 Manchester City
100%
3* England 1999 Manchester United
100%
6* France 2025 Paris Saint-Germain
100%
4 Spain 1989 Real Madrid
100%
3 England 2002 Arsenal
98%
1 Spain 1996 Atletico Madrid
98%
1 Germany 2012 Borussia Dortmund
98%
1 England 2010 Chelsea
98%
2 France 1989 Marseille
95%
1 Germany 2024 Bayer Leverkusen
90%
2 France 2011 Lille
85%
1 England 1986 Liverpool
85%
5 Spain 1984 Athletic Bilbao
83%
1 Italy 2000 Lazio
80%
1 Italy 1987 Napoli
80%
1 France 1987 Bordeaux
76%
1 Germany 2004 Werder Bremen
73%
1 France 1996 Auxerre
49%
No matching quizzes found
Score Distribution
Percent of People with Each Score
Percentile by Number Answered
Your Score History
You have not taken this quiz